Reduction in business rates for small businesses (Record no. 117764)

MARC details
000 -LEADER
fixed length control field 00810cam a2200205 4500
001 - CONTROL NUMBER
control field WB@3612-693
008 - FIXED-LENGTH DATA ELEMENTS--GENERAL INFORMATION
fixed length control field 040722n2004 000 0 eng u
035 ## - SYSTEM CONTROL NUMBER
System control number (Sirsi) u126916
245 ## - TITLE STATEMENT
Title Reduction in business rates for small businesses
260 ## - PUBLICATION, DISTRIBUTION, ETC.
Date of publication, distribution, etc. 2004
490 ## - SERIES STATEMENT
Series statement ODPM News Release
Volume/sequential designation (2004/0174) 21 July 2004 (3)
520 ## - SUMMARY, ETC.
Summary, etc. Local government has announced plans to ease the burden on small businesses by introducing relief from business rates. The new scheme will see rate relief available at 50% for business properties with a rateable value of £5 000. http://www.odpm.gov.uk/pns/DisplayPN.cgi?pn_id=200 4_0174
590 ## - LOCAL NOTE (RLIN)
Local note WB
590 ## - LOCAL NOTE (RLIN)
Local note WB
650 ## - SUBJECT ADDED ENTRY--TOPICAL TERM
Topical term or geographic name entry element BUSINESS RATES
650 ## - SUBJECT ADDED ENTRY--TOPICAL TERM
Topical term or geographic name entry element RATE RELIEF
650 ## - SUBJECT ADDED ENTRY--TOPICAL TERM
Topical term or geographic name entry element SMALL BUSINESSES
690 ## - LOCAL SUBJECT ADDED ENTRY--TOPICAL TERM (OCLC, RLIN)
Topical term or geographic name as entry element RATING AND LOCAL TAXATION
942 ## - ADDED ENTRY ELEMENTS (KOHA)
Suppress in OPAC 0
Holdings
Withdrawn status Lost status Source of classification or shelving scheme Damaged status Not for loan Home library Current library Shelving location Date acquired Total Checkouts Full call number Barcode Date last seen Copy number Price effective from Koha item type
    Dewey Decimal Classification     London London News article 22/07/2004   WB4028-19 126916-1001 06/08/2019 1 06/08/2019 News article